000 004200000a22001690004500
003 MACL
005 20160105134249.0
008 160105b xxu||||| |||| 00| 0 eng d
040 _aMACL
_cMACL
041 _aEnglish
082 _a821/HOP
100 _aHope, Laurence
_928016
245 _aStars of the Desert
260 _bWilliam Heinemann Ltd
_c1907
_aNew York
650 _aPoetry
_928018
942 _cBK
_k821/HOP
_2ddc
999 _c39068
_d39068